Sociálna práca

Gespeichert in:
Bibliographische Detailangaben
1. Verfasser: Husáková, Mária
Körperschaft: Ekonomická univerzita v Bratislave. Národohospodárska fakulta
Weitere Verfasser: Laluha, Ivan, Konečný, Stanislav
Format: Buch
Sprache:Slowakisch
Veröffentlicht: Bratislava Vydavateľstvo EKONÓM 2014
Ausgabe:1. vyd.
Schlagworte:
Tags: Tag hinzufügen
Keine Tags, Fügen Sie das erste Tag hinzu!

MARC

LEADER 00000nam a2200000 4500
001 0185694
005 20240509102952.9
020 |a 978-80-225-3851-0 
041 0 |a slo 
044 |a SK 
245 1 0 |a Sociálna práca  |c Mária Husáková ; recenzenti: Ivan Laluha, Stanislav Konečný 
250 |a 1. vyd. 
264 1 |a Bratislava  |b Vydavateľstvo EKONÓM  |c 2014 
300 |a 177 s. [9,98 AH] 
610 2 0 |a pomoc sociálna 
610 2 0 |a práca sociálna 
610 2 0 |a vývoj 
610 2 0 |a metodika 
610 2 0 |a klienti 
610 2 0 |a prevencia 
610 2 0 |a poradenstvo 
610 2 0 |a rodina 
610 2 0 |a deti 
610 2 0 |a ochrana zdravia 
610 2 0 |a opatrenia 
610 2 0 |a zariadenia výchovné 
610 2 0 |a služby sociálne 
610 2 0 |a invalidi 
610 2 0 |a núdza hmotná 
610 2 0 |a porovnanie medzinárodné 
100 1 |a Husáková, Mária 
700 1 |a Laluha, Ivan 
700 1 |a Konečný, Stanislav 
710 2 |a Ekonomická univerzita v Bratislave. Národohospodárska fakulta